000
00289nam a2200109 4500
008
b xx# fre u
040
_a
LB-BrCRDP
082
1
_a
796.07
_b
DUR
245
1
2
_a
L'enfant et le sport
_c
Marc Durand
942
_c
BK
999
_c
9545
_d
9545